| 000 | 00885ngm a22003250a 4500 | ||
|---|---|---|---|
| 001 | PT15510 | ||
| 003 | AR-LpoUNG | ||
| 005 | 20210202000149.0 | ||
| 007 | vd cvaizq | ||
| 008 | 191001ss.f.||||ag |||||||||||||||||spa d | ||
| 037 | _c$11.66 | ||
| 040 |
_aAR-LpoUNG _bspa _cAR-LpoUNG _eaacr |
||
| 041 |
_aspa _ager |
||
| 044 | _aag | ||
| 082 | 0 | _a982.064 184cua | |
| 100 | 1 |
_aEcheverría, Carlos _edir. |
|
| 245 | 1 | 0 |
_aCuarentena : _bexilio y regreso |
| 260 |
_aBuenos Aires : _bBlackman, _cs.f.. |
||
| 300 | _aVHS (86 min.) : son., col. | ||
| 505 | 0 | _aDiálogos en castellano y alemán, subtítulos en castellano | |
| 520 | _aCrónica del exilio de Osvaldo Bayer. | ||
| 650 | 4 | _aARGENTINA | |
| 650 | 4 | _aASPECTOS SOCIALES | |
| 650 | 4 | _aCONSECUENCIAS SOCIALES | |
| 650 | 4 | _aDICTADURA | |
| 653 | _aCINE ARGENTINO | ||
| 653 | _aVIDEOS | ||
| 905 | _a15510 | ||
| 942 | _cVIDEO | ||
| 999 |
_c54240 _d54240 |
||